[Event "Acropolis Women's GM Open"]
[Site "?"]
[Date "2005.03.14"]
[Round "9"]
[White "Iordanidou Zoi"]
[Black "Petraki Maria"]
[Result "1-0"]
[WhiteElo "2022"]
[BlackElo "2128"]
[PlyCount "105"]
[EventDate "2005.??.??"]
[Source "www.chesslib.no"]
[SourceDate "2004.05.04"]

1. e4 c5 2. Nf3 d6 3. d4 cxd4 4. Qxd4 Nc6 5. Bb5 Qd7 6. Nc3 a6 7. Bxc6 Qxc6 8. O-O Nf6 9. h3 e5 10. Qd3 h6 11. Be3 Be6 12. Rfe1 Bc4 13. Qd1 Be7 14. Nd2 Be6 15. Qf3 b5 16. Rac1 O-O 17. Ne2 d5 18. Qg3 Kh7 19. Qxe5 Bd6 20. Qc3 Qd7 21. Qd3 Nxe4 22. f3 f5 23. fxe4 dxe4 24. Qd4 Qe7 25. Nf4 Rad8 26. Qb6 Bf7 27. Nb3 g5 28. Ne2 f4 29. Bc5 Bc4 30. Bxd6 Rxd6 31. Qc5 Qd7 32. Nc3 Rf5 33. Qf2 e3 34. Qf3 b4 35. Ne4 Bd5 36. Nec5 Qf7 37. Qe2 Bc4 38. Qf3 Bd5 39. Qe2 Bc4 40. Qf3 a5 41. Ne4 Re6 42. Nd4 Bd5 43. Nxe6 Qxe6 44. Nc5 Qc6 45. Qg4 Kg6 46. Nd3 h5 47. Qe2 f3 48. Qxe3 Qd6 49. Rcd1 fxg2 50. Qe8+ Kh6 51. Qh8+ Kg6 52. Ne5+ Rxe5 53. Qxe5 1-0

[Event "Corr"]
[Site "?"]
[Date "1998.??.??"]
[Round "?"]
[White "Donzellotti Giuseppe"]
[Black "Mauro Lucio"]
[Result "0-1"]
[WhiteElo "1993"]
[BlackElo "2093"]
[PlyCount "90"]
[EventDate "1998.??.??"]
[Source "www.chesslib.no"]
[SourceDate "2004.05.04"]

1. e4 c5 2. Nf3 d6 3. d4 cxd4 4. Qxd4 Nc6 5. Bb5 Qd7 6. Qd3 a6 7. Bxc6 Qxc6 8. O-O Nf6 9. Nc3 b5 10. Bg5 Bb7 11. Rfe1 Nd7 12. Rad1 Rc8 13. a3 g6 14. Qd4 f6 15. Be3 Ne5 16. Nxe5 fxe5 17. Qd2 Bg7 18. Bh6 O-O 19. Nd5 Bxh6 20. Qxh6 Rf7 21. c3 Qc5 22. Qh4 Rcf8 23. Rd2 Kg7 24. Nxe7 Rf4 25. Qg3 Bxe4 26. Qe3 Qxe3 27. Rxe3 Bb7 28. Ree2 Kf7 29. Nd5 Rc4 30. Ne3 Rc6 31. f4 Ke6 32. fxe5 dxe5 33. Ng4 Rf5 34. Rd8 Rc8 35. Rxc8 Bxc8 36. b3 Bb7 37. c4 bxc4 38. bxc4 Bc6 39. Nf2 a5 40. Ne4 Bxe4 41. Rxe4 Rf4 42. Re3 Rxc4 43. Kf2 Kd5 44. Kf3 Rf4+ 45. Kg3 a4 0-1

[Event "CP1-95-0218A"]
[Site "CP1-95-0218A"]
[Date "1996.??.??"]
[Round "?"]
[White "Huber, Siegfried"]
[Black "Papakosmas, Lambros"]
[Result "0-1"]
[WhiteElo "1810"]
[BlackElo "2235"]
[PlyCount "30"]
[EventDate "1996.??.??"]
[Source "www.chesslib.no"]
[SourceDate "2004.05.04"]

1. e4 c5 2. Nf3 d6 3. d4 cxd4 4. Qxd4 Nc6 5. Bb5 Qd7 6. Bxc6 bxc6 7. Nc3 e5 8. Qd3 a5 9. Bg5 Ba6 10. Qd2 h6 11. Be3 Nf6 12. O-O-O Be7 13. Nh4 d5 14. f4 Bb4 15. exd5 Nxd5 0-1